Statistiken für Berühmte Wagner Opern

Klicken Sie hier um das Quiz zu spielen!

Allgemein

  • Dieses Quiz wurde 230 mal gespielt
  • Das Durchschnittsergebnis liegt bei 7 aus 10

Antwortstatistiken

UraufführungOper% Korrekt
1870Die Walküre
75%
1876Siegfried
75%
1869Das Rheingold
70%
1843Der fliegende Holländer
70%
1876Götterdämmerung
70%
1850Lohengrin
68%
1865Tristan und Isolde
68%
1845Tannhäuser und der Sängekrieg auf der Wartburg
63%
1882Parsifal
57%
1868Die Meistersinger von Nürnberg
51%

Verteilung der Resultate

Perzentil nach korrekt beantworteten Fragen

Anzahl Personen mit jedem Resultat

Ihre Resultats-Entwicklung

Sie haben dieses Quiz noch nicht gespielt